| 000 | 01181nam a22003737a 4500 | ||
|---|---|---|---|
| 001 | 0026555 | ||
| 003 | KOHA_MİRAKIL | ||
| 005 | 20260207002531.0 | ||
| 007 | ta | ||
| 008 | 101213b2008 tu |||gr||||#||||0|tur | | ||
| 020 |
_a9789750206405 _c26 |
||
| 040 |
_aTR-BiSEU _btur _cTR-BiSEU _erda |
||
| 041 | 0 | _atur | |
| 044 | _ctu | ||
| 050 |
_aTK7881.15 _b.G87 2008 |
||
| 100 | 1 | _aGürdal, Osman. | |
| 245 | 1 |
_aGüç elektroniği : _bMeslek yüksek okullar için/ _cOsman Gürdal ; Osman Gürdal, Veli Türkmenoğlu. |
|
| 264 | 1 |
_aAnkara : _bSeçkin _c2008 |
|
| 300 | _a272 sayfa: resimli | ||
| 336 |
_ametin _btxt _2rdacontent |
||
| 337 |
_aaracısız _bn _2rdamedia |
||
| 338 |
_acilt _bnc _2rdacarrier |
||
| 490 | 1 |
_aMühendislik Bilimleri Dizisi ; _v4. |
|
| 500 | _aDizin var. | ||
| 500 | _aKaynakça var. | ||
| 650 | 0 |
_aGüç elektroniği. _92491 |
|
| 650 | 0 |
_aGüç yarıiletkenleri. _92492 |
|
| 650 | 0 |
_aElektrik akımı dönüştürücüler. _92493 |
|
| 650 | 0 |
_aPower electronics. _92494 |
|
| 650 | 0 |
_aPower semiconductors. _92495 |
|
| 650 | 0 |
_aElectric current converters. _92496 |
|
| 830 | 1 |
_aMühendislik Bilimleri Dizisi ; _v4. _952215 |
|
| 942 |
_2lcc _cBK |
||
| 999 |
_c26494 _d26494 |
||